| 000 | 00540cab a2200193 4500 | ||
|---|---|---|---|
| 001 | ABS40968 | ||
| 008 | 090401t1989 xxu||||| |||| 00| 0 eng d | ||
| 035 | _a(Sirsi) u27220 | ||
| 041 | _aeng | ||
| 100 | _aPerry, J. | ||
| 245 | _aState of Britain`s housing stock : its great ... isn`t it? | ||
| 260 | _c1989 | ||
| 350 | _a0 | ||
| 490 |
_aTown & Country Planning _v58(5) May 1989, 140-141(2) |
||
| 520 | _aReview of the 1986 English House Condition Survey . | ||
| 690 |
_aBlock management _96220 |
||
| 942 | _n0 | ||
| 948 | _c04/03/1997 | ||
| 999 |
_c18323 _d18323 |
||